000
00344 a2200157 4500
001
70647
020
_a
8526228765
040
_c
Anchieta - Itaigara
240
1
0
_a
Edison e a lâmpada elétrica
_l
por
245
1
0
_a
Edison e a lâmpada elétrica
300
_a
32
362
0
_a
1996
440
1
_a
Scipione
650
4
_a
Cientistas
942
_c
BK
999
_c
70647
_d
70647